| 000 | 00738cam a22002177i 4500 | ||
|---|---|---|---|
| 005 | 20160115132814.0 | ||
| 008 | 040909s1999 caua 001 0 eng d | ||
| 020 | _a1879102625 (pbk.) | ||
| 040 |
_aWAU _cWAU _dCtY _dDLC _dCO-BoIAVH |
||
| 041 | _aeng | ||
| 042 | _alccopycat | ||
| 082 | 0 | 4 |
_a910.285 _bZ46m |
| 100 | 1 | _aZeiler, Michael. | |
| 245 | 1 | 0 |
_aModeling our world : _bthe ESRI guide to geodatabase design / _cMichael Zeiler. |
| 260 |
_aRedlands, CA : _bESRI Press, _cc1999. |
||
| 300 |
_avi, 199 p. : _bcol. ill. ; _c23 cm. |
||
| 650 | 1 | 6 | _aSistemas de Información Geográfica. |
| 650 | 2 | 4 | _aMapas digitales |
| 710 | 2 | _aEnvironmental Systems Research Institute (Redlands, Calif.) | |
| 942 |
_2ddc _cLIBRO |
||
| 999 |
_c2678 _d2678 |
||